Το νομοθετικό πλαίσιο προστασίας των νέων στο διαδίκτυο : μεταπτυχιακή εργασία

Αποθηκεύτηκε σε:
Λεπτομέρειες βιβλιογραφικής εγγραφής
Κύριος συγγραφέας: Πέρος, Σταμάτιος-Νικόλαος Θ.
Συγγραφή απο Οργανισμό/Αρχή: Πανεπιστήμιο Αιγαίου Σχολή Ανθρωπιστικών Σπουδών Τμήμα Δημοτικής Εκπαίδευσης
Άλλοι συγγραφείς: Σοφός, Αλιβίζος (Εισηγητής διατριβής), Κούρτη-Καζούλλη, Βασιλεία, Τσαμπαρλή-Κιτσαρά, Αναστασία (Εισηγητής διατριβής)
Μορφή: Thesis Βιβλίο
Γλώσσα:Greek
Δημοσίευση: Ρόδος : Πανεπιστήμιο Αιγαίου, Παιδαγωγικό Τμήμα Δημοτικής Εκπαίδευσης, 2006.
Θέματα:
Ετικέτες: Προσθήκη ετικέτας
Δεν υπάρχουν, Καταχωρήστε ετικέτα πρώτοι!

MARC

LEADER 00000cam a2200000 i 4500
001 1/42114
008 070308s2006 gre d
035 |l 10087257 
040 |a GR-MY-UA  |b gre  |e aacr 
041 0 |a gre 
082 7 |a 343.0999   |2 (22) 
100 1 |a Πέρος, Σταμάτιος-Νικόλαος Θ. 
245 1 3 |a Το νομοθετικό πλαίσιο προστασίας των νέων στο διαδίκτυο :   |b μεταπτυχιακή εργασία /   |c Πέρος Θ Σταμάτιος - Νικόλαος ; Σοφός Αλεβίζος (επιβλέπων) ; μέλη συμβουλευτικής επιτροπής: Τσαμπαρλή Αναστασία Καζούλη Βασιλεία.  
260 |a Ρόδος :   |b Πανεπιστήμιο Αιγαίου, Παιδαγωγικό Τμήμα Δημοτικής Εκπαίδευσης,   |c 2006.  
300 |a 112 σ. ;   |c 30 εκ. 
502 |a Διατριβή (μεταπτυχιακή) – Πανεπιστήμιο Αιγαίου, Ρόδος, 2006. 
610 2 0 |a University of the Aegean  |x Dissertations. 
650 0 0 |a Internet  |x Law and legislation. 
650 0 0 |a Internet and children. 
650 0 0 |a Internet  |x Security measures. 
650 0 0 |a Internet industry. 
650 0 0 |a Dissertations, Academic  |z Greece. 
700 1 |a Σοφός, Αλιβίζος.  |4 ths 
700 1 |a Κούρτη-Καζούλλη, Βασιλεία. 
700 1 |4 ths  |a Τσαμπαρλή-Κιτσαρά, Αναστασία. 
710 2 |a Πανεπιστήμιο Αιγαίου  |b Σχολή Ανθρωπιστικών Σπουδών  |b Τμήμα Δημοτικής Εκπαίδευσης. 
852 |a INST  |b RHODES  |c DIATR  |e 20070308  |h 343.0999 ΠΕΡ  |p 005400023870  |q 005400023870  |t MTXE  |y 23 
852 |a INST  |b RHODES  |c DIATR  |e 20070308  |h 343.0999 ΠΕΡ  |p 005400023871  |q 005400023871  |t MTXE  |y 23 
901 |a BIBL4-2007-1 
909 |a Ρ  |b 127239 
909 |a Ρ  |b 127238 
924 |a ΠΕΡΡΟΣ  |b ΣΤΑΜΑΤΙΟΣ-ΝΙΚΟΛΑΟΣ Θ.  |y Ρόδος  |z 2006-11 
970 |a ΜΙΣΣΟΣ  |b ΣΤΑΥΡΟΣ  |z 2007/03/08